LEADER 01116nam a2200289 u 4500 001 000000038628 003 CaOOAMICUS 005 20070226113910.0 008 980427s1985 it u000 u ita u 020 $a8810502027 035 $a10792374 040 $aPUL(R)$bita 100 1 $aBondolfi, Alberto.$0(OLS)http://pul/name/28821 245 10$aPena e pena di morte /$cAlberto Bondolfi. 260 $aBologna :$bEdizioni Dehoniane Bologna,$cc1985. 300 $a303 p. ;$c19 cm 490 1 $aTemi etici nella storia 504 $aBibliografia in nota. 650 4$aPena di morte.$0(OLS)http://pul/subject/8067 830 0$aTemi etici nella storia.$0(OLS)http://pul/title/52418 850 $aPUL 852 $aPUL$W1$xSL Diritto e Scienze Sociali 1$y4$m178 I 11$j52594$nBK-PRI$b $qStampati$B52594$CPULBib$Z2$F52594 $H $81 941 1 $a8 961 $aINV: 65693 996 $6020$a8810502027$9(OLS)http://pul/number/48130 996 $6245$aPena e pena di morte$9(OLS)http://pul/title/52417 996 $6260$aBologna :$bEdizioni Dehoniane Bologna$9(OLS)http://pul/publisher/60955 LEADER 01691nam a2200361 u 4500 001 000000075595 003 CaOOAMICUS 005 20070226123122.0 008 031009s2000 nyu u000 u eng u 020 $a0198299419 (set) 020 $a0198267789 (v. 1) 020 $a0198299281 (v. 2) 035 $a10972435 040 $aPUL(R)$bita 245 02$aA history of private law in Scotland /$cedited by Kenneth REid and Reinhard Zimmermann. 260 $aNew York :$bOxford University Press,$c2000. 300 $a2 v. ;$c24 cm 500 $aComprende indici. 504 $aContiene indicazioni bibliografiche. 650 4$aObbligazioni (diritto).$0(OLS)http://pul/subject/17087 650 4$aProprietà (diritto).$0(OLS)http://pul/subject/6495 650 4$aDiritto privato$zScozia.$0(OLS)http://pul/subject/26393 700 1 $aZimmermann, Reinhard.$0(OLS)http://pul/name/50260 700 1 $aReid, Kenneth.$0(OLS)http://pul/name/50259 850 $aPUL 852 $aPUL$W1$xSL Diritto e Scienze Sociali 3$y79$m346. 411 REIKE 1.2$j116905$nBK-PRI$qDDC 21$B97242$CPULBib$Z2$F97242 $HPUL88907-88908 $82 852 $aPUL$W1$xSL Diritto e Scienze Sociali 3$y79$m346. 411 REIKE 1.1$j97241$nBK-PRI$qDDC 21$B97241$CPULBib$Z2$F97241 $HPUL88907-88908 $82 941 1 $a9 996 $6020$a0198299419 (set)$9(OLS)http://pul/number/98712 996 $6020$a0198267789 (v. 1)$9(OLS)http://pul/number/98713 996 $6020$a0198299281 (v. 2)$9(OLS)http://pul/number/98714 996 $6245$aA history of private law in Scotland$9(OLS)http://pul/title/99223 996 $6260$aNew York :$bOxford University Press$9(OLS)http://pul/publisher/50683